| 000 | 00777cab a2200229 4500 | ||
|---|---|---|---|
| 001 | WB3010-25 | ||
| 008 | 090401t1994 xxu||||| |||| 00| 0 eng d | ||
| 035 | _a(Sirsi) u81663 | ||
| 041 | _aeng | ||
| 245 | _aAid for historic towns | ||
| 260 | _c1994 | ||
| 350 | _a0 | ||
| 490 |
_aTimes _v10 March 1994, 18 |
||
| 490 |
_aIndependent _v10 March 1994, 8(10 |
||
| 520 | _aA £2m pilot scheme to revitalise areas of neglect and decay in historic towns has been announced by English Heritage. Fourteen local authorities have agreed to match government funding from their own resources under the new partnership arrangement. | ||
| 650 | _aENGLISH HERITAGE | ||
| 650 | _aFUNDING | ||
| 650 | _aHISTORIC TOWNS | ||
| 690 | _aCONSERVATION | ||
| 942 | _n0 | ||
| 948 | _c04/03/1997 | ||
| 999 |
_c51475 _d51475 |
||